000 00558nam a2200193Ia 4500
999 _c3799
_d3799
003 OSt
005 20200818111908.0
008 190216s9999||||xx |||||||||||||| ||und||
020 _a9788126556083
040 _coclc
082 _a541.37
_bSAW/E
100 _aSawyer, Donald T
_94177
245 0 _aElectrochemistry For Chemists /
_cDonald T Sawyer ; A Sobkowiak ; J L Roberts
250 _a2nd Ed.
260 _bWiley,
_c2015.
_aNew Delhi:
300 _a505p
650 _aChemistry
942 _cBK
_2ddc
_h541.37
_iSAW/E
_k541.37
_mSAW/E